Challenges of unculturable bacteria environmental perspectives /

Environmental biotechnology offers several promising techniques for the rehabilitation of polluted environments. The modern industrialized world presents novel challenges to the environmental sciences, requiring a constant development and deepening of knowledge to enable the characterization of nove...

Teljes leírás

Elmentve itt :
Bibliográfiai részletek
Szerzők: Bodor Attila
Bounedjoum Naila
Vincze György Erik
Erdeiné Kis Ágnes
Laczi Krisztián
Bende Gábor
Szilágyi Árpád
Kovács Tamás
Perei Katalin
Rákhely Gábor
Dokumentumtípus: Cikk
Megjelent: 2020
Sorozat:REVIEWS IN ENVIRONMENTAL SCIENCE AND BIO-TECHNOLOGY 19 No. 1
doi:10.1007/s11157-020-09522-4

mtmt:31180353
Online Access:http://publicatio.bibl.u-szeged.hu/19009
LEADER 02292nab a2200313 i 4500
001 publ19009
005 20210802124428.0
008 200622s2020 hu o 0|| zxx d
022 |a 1569-1705 
024 7 |a 10.1007/s11157-020-09522-4  |2 doi 
024 7 |a 31180353  |2 mtmt 
040 |a SZTE Publicatio Repozitórium  |b hun 
041 |a zxx 
100 1 |a Bodor Attila 
245 1 0 |a Challenges of unculturable bacteria  |h [elektronikus dokumentum] :  |b environmental perspectives /  |c  Bodor Attila 
260 |c 2020 
300 |a 1-22 
490 0 |a REVIEWS IN ENVIRONMENTAL SCIENCE AND BIO-TECHNOLOGY  |v 19 No. 1 
520 3 |a Environmental biotechnology offers several promising techniques for the rehabilitation of polluted environments. The modern industrialized world presents novel challenges to the environmental sciences, requiring a constant development and deepening of knowledge to enable the characterization of novel pollutants and a better understanding of the bioremediation strategies as well as their limiting factors. The success of bioremediation depends heavily on the survival and activities of indigenous microbial communities and their interaction with introduced microorganisms. The majority of natural microbiomes remain uncultivated; therefore, further investigations focusing on their intrinsic functions in ecosystems are needed. In this review, we aimed to provide (a) a comprehensive overview of the presence of viable but nonculturable bacteria and yet-to-be-cultivated cells in nature and their diverse awakening strategies in response to, among other factors, signalling extracellular metabolites (autoinducers, resuscitation promoting factors, and siderophores); (b) an outline of the trends in isolating unculturable bacteria; and (c) the potential applications of these hidden players in rehabilitation processes. 
700 0 1 |a Bounedjoum Naila  |e aut 
700 0 1 |a Vincze György Erik  |e aut 
700 0 2 |a Erdeiné Kis Ágnes  |e aut 
700 0 2 |a Laczi Krisztián  |e aut 
700 0 2 |a Bende Gábor  |e aut 
700 0 2 |a Szilágyi Árpád  |e aut 
700 0 2 |a Kovács Tamás  |e aut 
700 0 2 |a Perei Katalin  |e aut 
700 0 2 |a Rákhely Gábor  |e aut 
856 4 0 |u http://publicatio.bibl.u-szeged.hu/19009/1/Bodor2020_Article_ChallengesOfUnculturableBacter.pdf  |z Dokumentum-elérés